00502nam a2200181 a 450000100060000000300090000600800410001502000140005604000280007008200150009810000240011324500520013726000340018930000100022365000430023365000110027665000330028710430CO-ViMGA141112s2004 ck r 000 u spa d a958614285 aCO-ViMGAbspacCO-ViMGA04a813.5 R34p1 aRegan ; Donald T., 10aPara que conste de Wall Street a la Casa Blanca aBarcelona : bPlaneta, c1988 a392p.14aESTADOS UNIDOS - Política Y GOBIERNO14aNOVELA14aNOVELA ESTAUNIDENSE SIGLO XX